[Event "EU-chT Seniors 04th"]
[Site "Dresden"]
[Date "2002.02.28"]
[Round "5.1"]
[White "Zingler, Max"]
[Black "Eiselt, Peter"]
[Result "1/2-1/2"]
[WhiteElo "2089"]
[BlackElo "1832"]
[EventDate "2002.02.25"]
[PlyCount "85"]

1.d4 d5 2.Nf3 Nf6 3.e3 Bf5 4.c4 c6 5.Nc3 e6 6.Bd3 Bg4 7.O-O Nbd7 8.b3 Bd6 
9.Bb2 O-O 10.Be2 h6 11.Ne5 Bxe2 12.Nxe2 Qc7 13.Nf3 Ne4 14.Qc1 Qa5 15.Qc2 
f5 16.a4 Rac8 17.Ba3 Bxa3 18.Rxa3 Qb4 19.Qa2 g5 20.Nc1 Qe7 21.Nd3 Rf6 22.
c5 b6 23.b4 a5 24.cxb6 axb4 25.Rb3 Nxb6 26.Rxb4 Nc4 27.Rfb1 Nc3 28.Qb3 
Nxb1 29.Qxb1 Rf7 30.Nfe5 Nxe5 31.Nxe5 Rg7 32.Nd3 Qd6 33.Rb6 Ra7 34.Nc5 
Raa8 35.Qb4 Rcb8 36.a5 Rxb6 37.Qxb6 f4 38.Qb1 fxe3 39.Qg6+ Kf8 40.Qxh6+ 
Kf7 41.Qh7+ Kf6 42.Qh6+ Kf7 43.Qh5+ 1/2-1/2

[Event "EU-chT Seniors 04th"]
[Site "Dresden"]
[Date "2002.02.28"]
[Round "5.2"]
[White "Andrich, Hans Ludwig"]
[Black "Pietruske, Siegfried"]
[Result "1-0"]
[WhiteElo "1692"]
[BlackElo "1949"]
[EventDate "2002.02.25"]
[PlyCount "47"]

1.d4 e6 2.c4 f5 3.g3 d5 4.Nf3 Nf6 5.Bg2 c6 6.Nbd2 Bd6 7.h3 O-O 8.c5 Bc7 9.
Ne5 Nbd7 10.f4 Nh5 11.Nf1 Bxe5 12.fxe5 f4 13.e4 Nxg3 14.Nxg3 fxg3 15.Qg4 
Qe7 16.Qxg3 b6 17.Bg5 Qe8 18.b4 a5 19.b5 cxb5 20.exd5 Ra7 21.c6 Nb8 22.Rc1
exd5 23.Bxd5+ Be6 24.Qb3 1-0

[Event "EU-chT Seniors 04th"]
[Site "Dresden"]
[Date "2002.02.28"]
[Round "5.2"]
[White "Ehlert, Joachim"]
[Black "Fischer, Ernst"]
[Result "1/2-1/2"]
[WhiteElo "1756"]
[BlackElo "2155"]
[EventDate "2002.02.25"]
[PlyCount "31"]

1.e4 e6 2.d4 d5 3.Nd2 Nf6 4.e5 Nfd7 5.Bd3 c5 6.c3 Nc6 7.Ne2 cxd4 8.cxd4 f6
9.exf6 Nxf6 10.O-O Bd6 11.Nf3 Qc7 12.h3 Bd7 13.Bg5 O-O-O 14.Rc1 Kb8 15.Ne5
Rhf8 16.Bb5 1/2-1/2

[Event "EU-chT Seniors 04th"]
[Site "Dresden"]
[Date "2002.02.28"]
[Round "5.2"]
[White "Farrand, Julian"]
[Black "Mueller, Siegmar"]
[Result "1-0"]
[WhiteElo "2096"]
[BlackElo "1827"]
[EventDate "2002.02.25"]
[PlyCount "59"]

1.d4 b6 2.Nc3 Bb7 3.e4 e6 4.a3 Nf6 5.Bd3 c5 6.d5 exd5 7.exd5 Nxd5 8.Qf3 
Qe7+ 9.Nge2 Qd6 10.O-O Bc6 11.Nxd5 Qxd5 12.Qg3 Bd6 13.Bf4 c4 14.Bxd6 cxd3 
15.Nc3 Qxg2+ 16.Qxg2 Bxg2 17.Kxg2 dxc2 18.Nb5 Na6 19.Rfe1+ Kd8 20.Be7+ Kc8
21.Rac1 d6 22.Rxc2+ Kd7 23.Nxd6 Nc5 24.Nxf7 Rhe8 25.Rd2+ Kc6 26.b4 Nb7 27.
a4 Kc7 28.Rc1+ Kb8 29.Rd7 Rc8 30.Nd6 1-0

[Event "EU-chT Seniors 04th"]
[Site "Dresden"]
[Date "2002.02.28"]
[Round "5.2"]
[White "Hoen, Ragnar Harald"]
[Black "Rudnik, Heinz"]
[Result "1-0"]
[WhiteElo "2311"]
[BlackElo "2052"]
[EventDate "2002.02.25"]
[PlyCount "47"]

1.e4 c5 2.Nc3 g6 3.g3 Bg7 4.Bg2 Nc6 5.d3 d6 6.Nge2 e5 7.O-O Nd4 8.Nd5 Bg4 
9.f3 Be6 10.Nxd4 cxd4 11.f4 Qd7 12.Qf3 Rc8 13.fxe5 dxe5 14.c4 f5 15.exf5 
Bxf5 16.h3 h6 17.Bd2 Ne7 18.g4 e4 19.dxe4 Be6 20.Nf6+ Bxf6 21.Qxf6 Rg8 22.
Bxh6 Kd8 23.b3 Kc7 24.Qe5+ 1-0

[Event "EU-chT Seniors 04th"]
[Site "Dresden"]
[Date "2002.02.28"]
[Round "5.2"]
[White "Kahn, Manfred"]
[Black "Schwertel, Hans"]
[Result "1-0"]
[WhiteElo "2171"]
[BlackElo "2073"]
[EventDate "2002.02.25"]
[PlyCount "79"]

1.c4 Nf6 2.Nc3 d6 3.d4 g6 4.Bg5 Bg7 5.e3 O-O 6.Be2 c6 7.f4 Qc7 8.Nf3 Nbd7 
9.O-O Re8 10.Qd2 e5 11.fxe5 dxe5 12.Nxe5 Nxe5 13.Bxf6 Ng4 14.Bxg4 Bxg4 15.
Bxg7 Kxg7 16.Rf4 Be6 17.b3 Rad8 18.Raf1 f5 19.e4 Qb6 20.exf5 Bxf5 21.g4 
Be6 22.Na4 Qc7 23.Nc5 Qe7 24.Qf2 b6 25.Nxe6+ Qxe6 26.h3 Re7 27.Rf6 Qd7 28.
d5 cxd5 29.Qd4 Kg8 30.cxd5 Rg7 31.Qf4 h5 32.d6 hxg4 33.hxg4 g5 34.Qf3 Qb5 
35.Kg2 Qe5 36.b4 Qb2+ 37.Rf2 Qxb4 38.Qd5+ Kh7 39.Qf5+ Kg8 40.Qe6+ 1-0

[Event "EU-chT Seniors 04th"]
[Site "Dresden"]
[Date "2002.02.28"]
[Round "5.2"]
[White "Landgraf, Siegfried"]
[Black "Werchan, Hans"]
[Result "1-0"]
[WhiteElo "2074"]
[BlackElo "2139"]
[EventDate "2002.02.25"]
[PlyCount "67"]

1.Nf3 c5 2.g3 Nf6 3.Bg2 Nc6 4.d4 cxd4 5.Nxd4 g6 6.Nxc6 bxc6 7.O-O Bg7 8.c4
O-O 9.Qc2 Bb7 10.Rd1 Qc7 11.c5 d5 12.cxd6 exd6 13.Nc3 Qe7 14.Bg5 h6 15.
Bxf6 Bxf6 16.Ne4 d5 17.Nxf6+ Qxf6 18.Rd3 Rfe8 19.Qc5 Qe7 20.Rc1 Rab8 21.e3
Ba8 22.Bf1 Qxc5 23.Rxc5 Rb6 24.Ra5 Re7 25.b3 Kf8 26.Rd4 Rbb7 27.Bd3 Rbc7 
28.b4 Re8 29.Rc5 Ke7 30.Rdxd5 cxd5 31.Rxc7+ Ke6 32.Rxa7 Rc8 33.Kf1 d4 34.
Ke2 1-0

[Event "EU-chT Seniors 04th"]
[Site "Dresden"]
[Date "2002.02.28"]
[Round "5.2"]
[White "Richardson, Keith B"]
[Black "Baumbach, Friedrich"]
[Result "1/2-1/2"]
[WhiteElo "2208"]
[BlackElo "2323"]
[EventDate "2002.02.25"]
[PlyCount "65"]

1.c4 Nf6 2.Nc3 e6 3.d4 d5 4.Bg5 Be7 5.e3 h6 6.Bh4 O-O 7.Qc2 c6 8.Bd3 dxc4 
9.Bxc4 Nd5 10.Bxe7 Qxe7 11.Nf3 Nd7 12.O-O Nxc3 13.Qxc3 b6 14.e4 Bb7 15.
Rfe1 Rac8 16.b4 Nf6 17.Bd3 c5 18.bxc5 bxc5 19.Qa3 Rc7 20.Rac1 Rfc8 21.dxc5
Rxc5 22.Rxc5 Qxc5 23.Qxc5 Rxc5 24.Nd2 Rc3 25.Bb1 e5 26.f3 Kf8 27.Kf2 Ke7 
28.Nb3 Nd7 29.Ke2 Ba6+ 30.Kd2 Rc7 31.Rc1 Rxc1 32.Nxc1 Kd6 33.Bd3 1/2-1/2

[Event "EU-chT Seniors 04th"]
[Site "Dresden"]
[Date "2002.02.28"]
[Round "5.2"]
[White "Starke, Burkhard"]
[Black "Koksch, Guenther"]
[Result "1/2-1/2"]
[WhiteElo "2052"]
[BlackElo "2168"]
[EventDate "2002.02.25"]
[PlyCount "34"]

1.d4 e6 2.c4 f5 3.g3 Nf6 4.Bg2 Be7 5.Nf3 O-O 6.O-O d6 7.b3 Qe8 8.Bb2 a5 9.
a3 Nbd7 10.Nbd2 Bd8 11.Qc2 Qh5 12.Rfe1 d5 13.Ne5 c6 14.Nf1 Bc7 15.e3 Ne4 
16.Nd3 Ndf6 17.f3 Ng5 1/2-1/2

[Event "EU-chT Seniors 04th"]
[Site "Dresden"]
[Date "2002.02.28"]
[Round "5.2"]
[White "Vager, Boris"]
[Black "Villing, Dieter"]
[Result "1/2-1/2"]
[WhiteElo "2309"]
[BlackElo "2231"]
[EventDate "2002.02.25"]
[PlyCount "56"]

1.d4 Nf6 2.Nf3 d6 3.Bf4 Nh5 4.Bd2 Nd7 5.e4 g6 6.Bc4 e6 7.O-O a6 8.a4 b6 9.
Bg5 Be7 10.Bh6 Rg8 11.Bd2 Bb7 12.Bd3 Nhf6 13.Re1 c6 14.c3 Qc7 15.Qe2 Rh8 
16.Na3 h6 17.Nc4 Nh5 18.b4 Kf8 19.e5 d5 20.Nb2 Ng7 21.h3 Nf5 22.Rad1 Qd8 
23.c4 c5 24.cxd5 exd5 25.dxc5 bxc5 26.b5 axb5 27.axb5 Nb6 28.Bc3 Kg7 
1/2-1/2

[Event "EU-chT Seniors 04th"]
[Site "Dresden"]
[Date "2002.02.28"]
[Round "5.3"]
[White "Boeckenhaupt, Rudi"]
[Black "Lenk, Wolfgang"]
[Result "1/2-1/2"]
[WhiteElo "2170"]
[BlackElo "2185"]
[EventDate "2002.02.25"]
[PlyCount "93"]

1.e4 d6 2.d4 Nf6 3.Bd3 g6 4.Ne2 Bg7 5.O-O O-O 6.c3 c5 7.d5 b5 8.h3 Nbd7 9.
Ng3 c4 10.Bc2 Nc5 11.Be3 Qc7 12.Nd2 Bd7 13.Ne2 e6 14.dxe6 Nxe6 15.Nd4 Rfe8
16.g4 d5 17.Nxe6 Rxe6 18.Qf3 Bc6 19.Bf4 Qb7 20.Rfe1 dxe4 21.Qg3 Rae8 22.
Nf1 Nd5 23.Be3 Be5 24.Qg2 Bf4 25.Ng3 Nxe3 26.fxe3 Bxg3 27.Qxg3 Rf6 28.Bd1 
Rd8 29.Be2 Qe7 30.Rad1 Rfd6 31.Rd4 Rxd4 32.cxd4 Qd6 33.Qxd6 Rxd6 34.Kg2 
Bd5 35.a3 Rb6 36.Rc1 f6 37.Kg3 Kf7 38.h4 Ke6 39.Kf4 a5 40.Bf1 Rb7 41.Bg2 
Rc7 42.Bxe4 g5+ 43.Kf3 b4 44.h5 bxa3 45.bxa3 c3 46.Bxd5+ Kxd5 47.Rc2 
1/2-1/2

[Event "EU-chT Seniors 04th"]
[Site "Dresden"]
[Date "2002.02.28"]
[Round "5.3"]
[White "Eis, Helko"]
[Black "Golcman, Evgeny"]
[Result "0-1"]
[WhiteElo "2108"]
[BlackElo "2225"]
[EventDate "2002.02.25"]
[PlyCount "90"]

1.d4 Nf6 2.Nf3 g6 3.e3 Bg7 4.Be2 d6 5.b3 O-O 6.Bb2 Nc6 7.O-O e5 8.dxe5 Nd7
9.Qc1 Ndxe5 10.Nxe5 Nxe5 11.Nd2 a5 12.Nc4 a4 13.Nxe5 Bxe5 14.Bxe5 dxe5 15.
c4 Qe7 16.Qc3 c5 17.Rab1 Bf5 18.Rb2 a3 19.Rd2 Rfd8 20.Rfd1 Rxd2 21.Qxd2 b6
22.Bf3 e4 23.Be2 Ra7 24.Qd8+ Qxd8 25.Rxd8+ Kg7 26.Kf1 Rd7 27.Rxd7 Bxd7 28.
Ke1 Kf6 29.Kd2 Ke5 30.Kc3 Kd6 31.Bd1 h6 32.b4 cxb4+ 33.Kxb4 f5 34.Be2 Be6 
35.f3 exf3 36.gxf3 g5 37.Kxa3 Kc5 38.Kb3 b5 39.Kc3 b4+ 40.Kb3 h5 41.Bd3 g4
42.f4 h4 43.a3 bxa3 44.Kxa3 g3 45.hxg3 hxg3 0-1

[Event "EU-chT Seniors 04th"]
[Site "Dresden"]
[Date "2002.02.28"]
[Round "5.3"]
[White "Gruenig, Siegfried"]
[Black "Petzold, Rolf"]
[Result "1-0"]
[WhiteElo "1792"]
[BlackElo "1640"]
[EventDate "2002.02.25"]
[PlyCount "73"]

1.d4 d5 2.Nf3 Nf6 3.e3 Bf5 4.Bd3 Bxd3 5.cxd3 Nfd7 6.O-O e6 7.e4 Be7 8.Nc3 
Nb6 9.Qe2 O-O 10.Re1 Na6 11.Be3 c5 12.Rad1 Re8 13.e5 Nd7 14.Bc1 Nf8 15.
dxc5 d4 16.Ne4 Nxc5 17.Ng3 f6 18.exf6 Bxf6 19.Nh5 Qd5 20.Nxf6+ gxf6 21.b3 
Ng6 22.g3 Re7 23.Ba3 b6 24.Bxc5 bxc5 25.Qe4 Qxe4 26.Rxe4 f5 27.Re2 e5 28.
Nd2 Kf7 29.Rc1 Rc8 30.f3 a5 31.Nc4 Ra8 32.Rce1 Kf6 33.Kf2 Ra6 34.h3 a4 35.
bxa4 Rxa4 36.Nb6 Ra3 37.Nd5+ 1-0

[Event "EU-chT Seniors 04th"]
[Site "Dresden"]
[Date "2002.02.28"]
[Round "5.3"]
[White "Harzer, Paul"]
[Black "Kristiansen, Erling"]
[Result "1/2-1/2"]
[WhiteElo "2015"]
[BlackElo "2246"]
[EventDate "2002.02.25"]
[PlyCount "36"]

1.d4 Nf6 2.Nf3 e6 3.Bg5 d5 4.Nbd2 c5 5.e3 Nc6 6.c3 Be7 7.Bd3 O-O 8.Ne5 h6 
9.h4 Nxe5 10.dxe5 Nd7 11.Bf4 f5 12.g4 c4 13.Bc2 Bxh4 14.gxf5 exf5 15.Qh5 
    ( 15.Nf3 $1 )
15...Bg5 16.Nf3 Bxf4 17.exf4 Nc5 18.O-O-O Ne6 1/2-1/2

[Event "EU-chT Seniors 04th"]
[Site "Dresden"]
[Date "2002.02.28"]
[Round "5.3"]
[White "Krueger, Erich"]
[Black "Weise, Wolfgang"]
[Result "1-0"]
[WhiteElo "2215"]
[BlackElo "2198"]
[EventDate "2002.02.25"]
[PlyCount "55"]

1.d4 d5 2.c4 e6 3.Nc3 c5 4.cxd5 cxd4 5.Qa4+ Bd7 6.Qxd4 exd5 7.Qxd5 Nc6 8.
Nf3 Nf6 9.Qd1 Bc5 10.e3 Qe7 11.Be2 O-O-O 12.Bd2 g5 13.h3 g4 14.hxg4 Nxg4 
15.Nd5 Qe4 16.b4 Bf5 17.Nc3 Qxb4 18.Qc1 Rxd2 19.Qxd2 Rd8 20.Qc1 Bb6 21.a3 
Qe7 22.Nd4 Bxd4 23.exd4 Rxd4 24.Nb5 Ra4 25.Qd1 Qc5 26.O-O Rf4 27.Qd6 Qxf2+
28.Rxf2 1-0

[Event "EU-chT Seniors 04th"]
[Site "Dresden"]
[Date "2002.02.28"]
[Round "5.3"]
[White "Meier, Wolfgang"]
[Black "Beckel, Friedrich"]
[Result "1/2-1/2"]
[WhiteElo "2102"]
[BlackElo "2031"]
[EventDate "2002.02.25"]
[PlyCount "116"]

1.Nf3 Nf6 2.c4 g6 3.Nc3 d5 4.cxd5 Nxd5 5.Qa4+ Bd7 6.Qd4 Nf6 7.d3 Bg7 8.Bg5
Na6 9.a3 c5 10.Qe3 Qa5 11.Qd2 Be6 12.e4 Rd8 13.Rc1 h6 14.Be3 Ng4 15.Be2 
O-O 16.Nd1 Qxd2+ 17.Bxd2 Bb3 18.Bc3 Bxd1 19.Rxd1 Nc7 20.h3 Nf6 21.Rc1 Ne6 
22.g3 b6 23.O-O Nd7 24.Rfd1 Nb8 25.Ne1 Nc6 26.Nc2 Ned4 27.Nxd4 Bxd4 28.Kg2
g5 29.Rf1 Kh7 30.Rcd1 Ne5 31.f4 gxf4 32.gxf4 Rg8+ 33.Kh1 Nc6 34.Kh2 Rg7 
35.Bf3 e5 36.f5 Rdg8 37.Rd2 Rg5 38.Rg2 f6 39.Rxg5 hxg5 40.Kg2 Kg7 41.Rd1 
a5 42.Rc1 Rh8 43.Rc2 Kf7 44.Bd2 Ke7 45.Bg4 Kd6 46.Kf1 Rb8 47.Be1 b5 48.Rh2
Rh8 49.b3 Be3 50.Bd1 Kc7 51.h4 gxh4 52.Rxh4 Rg8 53.Rg4 Rxg4 54.Bxg4 Bg5 
55.Bd1 Kb6 56.Kg2 Nb8 57.Kg3 Nd7 58.Kg4 b4 1/2-1/2

[Event "EU-chT Seniors 04th"]
[Site "Dresden"]
[Date "2002.02.28"]
[Round "5.3"]
[White "Morgner, Siegfried"]
[Black "Neudel, Bernd"]
[Result "0-1"]
[WhiteElo "1730"]
[BlackElo "1767"]
[EventDate "2002.02.25"]
[PlyCount "112"]

1.Nf3 Nf6 2.d4 d5 3.c4 e6 4.Nc3 c6 5.Bg5 Be7 6.e3 Nbd7 7.Bd3 O-O 8.O-O b6 
9.Rc1 Bb7 10.Qa4 c5 11.cxd5 Nxd5 12.Bxe7 Qxe7 13.e4 Nc7 14.d5 g6 15.Nb5 
Nxb5 16.Bxb5 Nf6 17.Rfe1 a6 18.Bd3 b5 19.Qa5 exd5 20.exd5 Qd6 21.Be4 Rfe8 
22.Bc2 Rxe1+ 23.Rxe1 Bxd5 24.Rd1 Qe6 25.Re1 Qg4 26.h3 Qb4 27.Qxb4 cxb4 28.
Bb3 Bxb3 29.axb3 Re8 30.Rxe8+ Nxe8 31.Kf1 Kf8 32.Ke2 Ke7 33.Kd3 f6 34.Kd4 
Kd6 35.g4 Nc7 36.Nd2 Ne6+ 37.Ke3 Nc5 38.h4 Kd5 39.f4 a5 40.Ke2 a4 41.bxa4 
bxa4 42.Ke3 Ne6 43.Ne4 f5 44.gxf5 gxf5 45.Nd2 Kc5 46.h5 a3 47.Nb3+ Kc4 48.
Nd2+ Kb5 49.bxa3 bxa3 50.Nb1 Kb4 51.Nxa3 Kxa3 52.h6 Kb3 53.Kd3 Nxf4+ 54.
Kd4 Ng6 55.Ke3 f4+ 56.Ke4 Kc4 0-1

[Event "EU-chT Seniors 04th"]
[Site "Dresden"]
[Date "2002.02.28"]
[Round "5.3"]
[White "Netz, Siegfried"]
[Black "Hampel, Johannes"]
[Result "0-1"]
[WhiteElo "1936"]
[BlackElo "2011"]
[EventDate "2002.02.25"]
[PlyCount "38"]

1.d4 d5 2.Nf3 Bf5 3.e3 e6 4.c4 Nf6 5.Nc3 Be7 6.Qb3 Nc6 7.Qxb7 Nb4 8.cxd5 
Nc2+ 9.Kd1 Nxa1 10.Bb5+ Kf8 11.dxe6 Rb8 12.Qxa7 Ne4 13.Ne5 Nxc3+ 14.bxc3 
Rxb5 15.Nc6 Qc8 16.Nxe7 Kxe7 17.Ba3+ Kf6 18.Ke2 Qxe6 19.Rxa1 Qc4+ 0-1

[Event "EU-chT Seniors 04th"]
[Site "Dresden"]
[Date "2002.02.28"]
[Round "5.3"]
[White "Niedermayr, Horst"]
[Black "Shabanov, Yuri"]
[Result "0-1"]
[WhiteElo "2172"]
[BlackElo "2463"]
[EventDate "2002.02.25"]
[PlyCount "84"]

1.Nf3 d5 2.b3 Bf5 3.Bb2 e6 4.e3 Nf6 5.Ne5 Nbd7 6.Be2 Nxe5 7.Bxe5 Bd6 8.
Bxd6 Qxd6 9.d3 e5 10.Nd2 O-O 11.O-O Rfe8 12.Re1 Rad8 13.Nf1 Bc8 14.a4 a5 
15.Qd2 b6 16.Rad1 Re7 17.Qc1 h6 18.Ng3 Ree8 19.h3 Qb4 20.Qd2 Qxd2 21.Rxd2 
d4 22.Bf3 Kf8 23.exd4 exd4 24.Rde2 Bd7 25.Rxe8+ Rxe8 26.Rxe8+ Kxe8 27.Kf1 
Ke7 28.Ke1 Kd6 29.Kd2 Be6 30.Ne4+ Nxe4+ 31.Bxe4 Kc5 32.h4 Bd7 33.g3 Kb4 
34.Bd5 f6 35.Bf7 c6 36.Bg6 b5 37.axb5 cxb5 38.Bf7 a4 39.bxa4 bxa4 40.f4 
Bc6 41.Be6 a3 42.Ba2 Kc5 0-1

[Event "EU-chT Seniors 04th"]
[Site "Dresden"]
[Date "2002.02.28"]
[Round "5.3"]
[White "Rahls, Peter"]
[Black "Wade, Robert Graham"]
[Result "1/2-1/2"]
[WhiteElo "2254"]
[BlackElo "2224"]
[EventDate "2002.02.25"]
[PlyCount "152"]

1.e4 c6 2.c4 d5 3.cxd5 cxd5 4.exd5 Nf6 5.Qa4+ Nbd7 6.Nc3 g6 7.Nf3 Bg7 8.
Qb3 O-O 9.Bc4 Nc5 10.Qa3 Nce4 11.Nxe4 Nxe4 12.O-O Nd6 13.d3 b5 14.Bb3 Bg4 
15.Bd1 a5 16.Qc5 Bxf3 17.Bxf3 Rc8 18.Qa7 Rc7 19.Qe3 Nf5 20.Qe4 Nd4 21.Be3 
f5 22.Qf4 g5 23.Qxg5 Nxf3+ 24.gxf3 Qxd5 25.Rac1 Rd7 26.Rc5 Qxd3 27.Qg2 Kh8
28.Kh1 Bf6 29.Rg1 Rdd8 30.Qf1 Qxf1 31.Rxf1 Rb8 32.Rxf5 Rfc8 33.b3 a4 34.
Bg5 Rc6 35.Bf4 Rb7 36.Rg1 axb3 37.axb3 Rc8 38.Be5 Bxe5 39.Rxe5 Rg8 40.Rg4 
Rg6 41.h4 Rf6 42.Kg2 e6 43.Reg5 Rb8 44.Re5 Rbf8 45.Rg3 b4 46.Re4 Rb8 47.f4
h6 48.Kf3 Kh7 49.Ke3 Rb7 50.Rc4 Rf5 51.Ke4 Rbf7 52.Ke3 e5 53.Rf3 Rb7 54.
Re4 exf4+ 55.Rfxf4 Rc5 56.Kd2 Rc3 57.Rxb4 Rxb3 58.Rxb7+ Rxb7 59.Rg4 Re7 
60.f3 Re6 61.Re4 Rd6+ 62.Ke3 Kg6 63.Re5 Ra6 64.h5+ Kf6 65.Rb5 Ra4 66.Kf2 
Rc4 67.Kg3 Ra4 68.f4 Ra8 69.Rb6+ Kf5 70.Rxh6 Ra3+ 71.Kh4 Rf3 72.Rh8 Rxf4+ 
73.Kg3 Rg4+ 74.Kh3 Ra4 75.Rg8 Ra3+ 76.Kh2 Ra2+ 1/2-1/2

[Event "EU-chT Seniors 04th"]
[Site "Dresden"]
[Date "2002.02.28"]
[Round "5.3"]
[White "Schurig, Wilhelm"]
[Black "Gradl, Rudolf"]
[Result "1-0"]
[WhiteElo "1959"]
[BlackElo "1710"]
[EventDate "2002.02.25"]
[PlyCount "78"]

1.Nf3 d5 2.g3 g6 3.Bg2 Bg7 4.d3 Nf6 5.O-O O-O 6.Nbd2 c6 7.c3 Re8 8.e4 Bg4 
9.h3 Bxf3 10.Bxf3 dxe4 11.dxe4 Nbd7 12.Qc2 Ne5 13.Be2 c5 14.Nc4 Nxc4 15.
Bxc4 Qc7 16.Bf4 e5 17.Bg5 h6 18.Be3 a6 19.a4 Qc6 20.Qb3 Re7 21.f3 Ne8 22.
Bd5 Qc7 23.a5 Nf6 24.Rfd1 Rb8 25.Qa3 Rc8 26.c4 Nh5 27.Kf2 Kh7 28.b4 cxb4 
29.Qxb4 f5 30.Bb6 Qd7 31.Bg8+ Kxg8 32.Rxd7 Rxd7 33.Ra2 fxe4 34.fxe4 Nf6 
35.Rd2 Rf7 36.c5 Kh7 37.Bd8 Rd7 38.Bxf6 Rxd2+ 39.Qxd2 Bxf6 1-0

[Event "EU-chT Seniors 04th"]
[Site "Dresden"]
[Date "2002.02.28"]
[Round "5.4"]
[White "Bebchuk, Evgeni"]
[Black "Winiwarter, Felix"]
[Result "1/2-1/2"]
[WhiteElo "2333"]
[BlackElo "2188"]
[EventDate "2002.02.25"]
[PlyCount "46"]

1.e4 e6 2.d4 d5 3.Nc3 Bb4 4.exd5 exd5 5.Qf3 Nc6 6.Bb5 Ne7 7.Ne2 O-O 8.Bd3 
Be6 9.Bd2 Qd7 10.h3 Bf5 11.Bxf5 Qxf5 12.Qxf5 Nxf5 13.O-O-O Nfxd4 14.Nxd4 
Nxd4 15.Nxd5 Bxd2+ 16.Rxd2 Ne6 17.f4 f5 18.Re1 Rae8 19.Rde2 Kf7 20.Re5 g6 
21.g4 fxg4 22.hxg4 c6 23.f5 Nd4 1/2-1/2

[Event "EU-chT Seniors 04th"]
[Site "Dresden"]
[Date "2002.02.28"]
[Round "5.4"]
[White "Flockhart, Hugh"]
[Black "Zanger, Konrad"]
[Result "1-0"]
[WhiteElo "1584"]
[BlackElo "1695"]
[EventDate "2002.02.25"]
[PlyCount "49"]

1.e4 g6 2.d4 d6 3.Nc3 Bg7 4.Be3 Nf6 5.Qd2 Nbd7 6.Bh6 O-O 7.h4 e5 8.d5 Nc5 
9.f3 c6 10.h5 Nxh5 11.Nge2 cxd5 12.Nxd5 Be6 13.g4 Nxe4 14.fxe4 Bxg4 15.
Bxg7 Kxg7 16.Ng3 Rh8 17.Nxh5+ Bxh5 18.Be2 h6 19.Bxh5 gxh5 20.Rxh5 Rc8 21.
O-O-O Rc4 22.Rg1+ Kf8 23.Rxh6 Rxc2+ 24.Kxc2 Qc8+ 25.Kb1 1-0

[Event "EU-chT Seniors 04th"]
[Site "Dresden"]
[Date "2002.02.28"]
[Round "5.4"]
[White "MacDonald Ross, Michael"]
[Black "Lieb, Harald"]
[Result "0-1"]
[WhiteElo "2170"]
[BlackElo "2300"]
[EventDate "2002.02.25"]
[PlyCount "78"]

1.d4 Nf6 2.Nf3 g6 3.c4 c5 4.e3 Bg7 5.Nc3 cxd4 6.exd4 O-O 7.Be2 d5 8.cxd5 
Nxd5 9.Qb3 Nb6 10.O-O Be6 11.Qd1 Nc6 12.Be3 Nd5 13.Ne4 Bf5 14.Nc3 Ncb4 15.
Qd2 Nxe3 16.fxe3 Bh6 17.Rac1 Nd5 18.Nxd5 Qxd5 19.Rc5 Qe6 20.Ne5 Qd6 21.Nc4
Qd8 22.Bf3 Rc8 23.Rxc8 Qxc8 24.Rc1 Qd7 25.Ne5 Qe6 26.Bxb7 Rd8 27.Qc3 f6 
28.Nc4 Be4 29.Bxe4 Qxe4 30.Re1 e5 31.b3 exd4 32.exd4 Qxd4+ 33.Qxd4 Rxd4 
34.Re7 Bf8 35.Rc7 Rd1+ 36.Kf2 Ra1 37.a4 Rb1 38.Rb7 Bc5+ 39.Kf3 f5 0-1

[Event "EU-chT Seniors 04th"]
[Site "Dresden"]
[Date "2002.02.28"]
[Round "5.4"]
[White "Mauersberger, Hermann"]
[Black "Nowarra, Waltraud"]
[Result "1/2-1/2"]
[WhiteElo "2010"]
[BlackElo "2215"]
[EventDate "2002.02.25"]
[PlyCount "42"]

1.b4 e5 2.Bb2 Bxb4 3.Bxe5 Nf6 4.Nf3 Nc6 5.Bb2 d5 6.e3 O-O 7.Be2 Re8 8.O-O 
Bg4 9.c3 Bd6 10.d3 Bxf3 11.Bxf3 Ne5 12.d4 Nc4 13.Qc2 c6 14.Nd2 Nxd2 15.
Qxd2 Ne4 16.Bxe4 Rxe4 17.g3 Qd7 18.Rae1 Qh3 19.f3 Re6 20.Qg2 Qxg2+ 21.Kxg2
Rae8 1/2-1/2

[Event "EU-chT Seniors 04th"]
[Site "Dresden"]
[Date "2002.02.28"]
[Round "5.4"]
[White "Mueckan, Friedbert"]
[Black "Daniel, Wolfgang"]
[Result "1/2-1/2"]
[WhiteElo "2000"]
[BlackElo "1871"]
[EventDate "2002.02.25"]
[PlyCount "96"]

1.e4 e5 2.Nf3 Nf6 3.d4 exd4 4.e5 Ne4 5.Qxd4 d5 6.exd6 Nxd6 7.Bg5 f6 8.Bd2 
Nc6 9.Qe3+ Qe7 10.Nc3 Qxe3+ 11.Bxe3 Be6 12.O-O-O O-O-O 13.Be2 a6 14.a3 Nf5
15.Rxd8+ Nxd8 16.Bd2 Nc6 17.Re1 Bd7 18.Ne4 Be7 19.Bc3 Rd8 20.Bd3 Bf8 21.h3
h6 22.g4 Nd6 23.Nc5 Re8 24.Rxe8+ Nxe8 25.Nxd7 Kxd7 26.Bf5+ Kd8 27.Kd2 Bc5 
28.Ke2 Nd6 29.Bd3 Kd7 30.b4 Bb6 31.Bb2 a5 32.b5 Ne7 33.a4 Bc5 34.c4 b6 35.
Nd2 Bb4 36.Nb3 Nb7 37.f4 Nc5 38.Nxc5+ Bxc5 39.Kf3 Ke6 40.h4 Bd6 41.Bc3 Bc5
42.h5 Bd6 43.Bd4 Bb4 44.Bc2 Bc5 45.Bc3 Ng8 46.Bh7 Ne7 47.Be4 Ba3 48.Bh7 
Bc5 1/2-1/2

[Event "EU-chT Seniors 04th"]
[Site "Dresden"]
[Date "2002.02.28"]
[Round "5.4"]
[White "Ofstad, Per"]
[Black "Langenfeld, Heinz"]
[Result "1-0"]
[WhiteElo "2196"]
[BlackElo "1909"]
[EventDate "2002.02.25"]
[PlyCount "43"]

1.e4 e5 2.Nf3 Nc6 3.d4 exd4 4.Nxd4 Nxd4 5.Qxd4 d6 6.Nc3 Nf6 7.Bg5 Be7 8.
O-O-O O-O 9.e5 dxe5 10.Qxe5 Bd6 11.Qd4 Be7 12.Qh4 Qe8 13.Bb5 c6 14.Bd3 h6 
15.Ne4 Nd5 16.Rhe1 f5 17.Bxe7 Qxe7 18.Qxe7 Nxe7 19.Nd6 Nd5 20.Bc4 b6 21.
Rxd5 Be6 22.Rd4 1-0

[Event "EU-chT Seniors 04th"]
[Site "Dresden"]
[Date "2002.02.28"]
[Round "5.4"]
[White "Patzke, Kurt"]
[Black "Tritzschler, Helmut"]
[Result "1/2-1/2"]
[WhiteElo "2500"]
[BlackElo "1826"]
[EventDate "2002.02.25"]
[PlyCount "43"]

1.d4 Nf6 2.c4 e5 3.dxe5 Ng4 4.Nf3 Bc5 5.e3 Nc6 6.a3 Ngxe5 7.Nxe5 Nxe5 8.b4
Be7 9.Bb2 Bf6 10.Nc3 O-O 11.Be2 d6 12.O-O Be6 13.Nd5 Nf3+ 14.Bxf3 Bxb2 15.
Ra2 Be5 16.Qb3 c6 17.Nf4 Bd7 18.Rc2 Qc7 19.g3 Rad8 20.Rfc1 g5 21.Ne2 f5 
22.Bg2 1/2-1/2

[Event "EU-chT Seniors 04th"]
[Site "Dresden"]
[Date "2002.02.28"]
[Round "5.4"]
[White "Petzold, Hans"]
[Black "Tochtermann, Georg"]
[Result "1-0"]
[WhiteElo "1898"]
[BlackElo "1875"]
[EventDate "2002.02.25"]
[PlyCount "39"]

1.e4 d6 2.d4 Nf6 3.Nc3 c6 4.f4 g6 5.Nf3 Bg7 6.Bd3 Qb6 7.e5 Nd5 8.exd6 Nxc3
9.bxc3 exd6 10.Qe2+ Kf8 11.f5 Qa5 12.O-O Qxc3 13.Rb1 gxf5 14.Kh1 Qa5 15.
Bf4 Qd8 16.Rfe1 Kg8 17.Qe8+ Qxe8 18.Rxe8+ Bf8 19.Rxc8 Kg7 20.Rxb7 1-0

[Event "EU-chT Seniors 04th"]
[Site "Dresden"]
[Date "2002.02.28"]
[Round "5.4"]
[White "Prelovskij, Rudolf"]
[Black "Barnstedt, Dietrich"]
[Result "1-0"]
[WhiteElo "2208"]
[BlackElo "2085"]
[EventDate "2002.02.25"]
[PlyCount "97"]

1.c4 Nf6 2.Nc3 d5 3.cxd5 Nxd5 4.d4 g6 5.Qb3 Nxc3 6.bxc3 Bg7 7.e3 O-O 8.Nf3
c5 9.Be2 Nc6 10.O-O Qc7 11.Ba3 b6 12.Rac1 Rb8 13.Rfd1 Be6 14.Qc2 Na5 15.c4
cxd4 16.exd4 Bf5 17.Qd2 Rfd8 18.Qe3 Bd7 19.d5 Bf8 20.Bb2 Bg7 21.Ba3 Bf8 
22.Bd3 Nb7 23.Bb2 Bg7 24.Bxg7 Kxg7 25.Qxe7 Re8 26.Qh4 Qd6 27.Ng5 h6 28.Ne4
Qe7 29.Qg3 f5 30.Nc3 Nc5 31.Bf1 Qe5 32.Re1 Qxg3 33.hxg3 Kf6 34.f3 Rxe1 35.
Rxe1 Re8 36.Rxe8 Bxe8 37.Kf2 Ke5 38.Ke3 Na4 39.Nd1 b5 40.f4+ Kd6 41.Kd4 b4
42.Ne3 Bd7 43.c5+ Kc7 44.Bc4 Nc3 45.a3 a5 46.axb4 axb4 47.Nc2 Ne4 48.Nxb4 
Nxg3 49.d6+ 1-0

[Event "EU-chT Seniors 04th"]
[Site "Dresden"]
[Date "2002.02.28"]
[Round "5.4"]
[White "Titz, Herbert"]
[Black "Neese, Hans Joachim"]
[Result "1/2-1/2"]
[WhiteElo "2123"]
[BlackElo "2136"]
[EventDate "2002.02.25"]
[PlyCount "104"]

1.Nf3 d5 2.b3 Bf5 3.Bb2 e6 4.e3 Nd7 5.c4 h6 6.d3 Ngf6 7.Be2 Be7 8.O-O O-O 
9.Nc3 c6 10.Qc1 Qa5 11.a3 Rac8 12.Rd1 Rfe8 13.e4 Bg4 14.b4 Qc7 15.Qe3 Bd6 
16.g3 b6 17.Rac1 Qb8 18.Kg2 c5 19.bxc5 bxc5 20.Qd2 d4 21.Nb5 Be7 22.Qa5 
Qb7 23.Qxa7 Qc6 24.Qa4 e5 25.Qc2 Ra8 26.Ra1 Bd8 27.Bc1 Nf8 28.Nh4 Bd7 29.
Bd2 g5 30.Nf3 Qe6 31.Ng1 Ng6 32.a4 Ra6 33.Rdb1 Bc6 34.Rb2 Kg7 35.Kf1 Ng8 
36.Bf3 g4 37.Bg2 Rf8 38.Be1 N8e7 39.Ne2 h5 40.Nc1 f5 41.Nb3 Bb6 42.a5 Ba7 
43.Nxa7 Rxa7 44.Nxc5 Qc8 45.Na4 f4 46.Kg1 f3 47.Bf1 Bxa4 48.Qxa4 Nc6 49.
Qb5 Qc7 50.Qc5 Rfa8 51.Rb6 Nge7 52.Qb5 Nd8 1/2-1/2

[Event "EU-chT Seniors 04th"]
[Site "Dresden"]
[Date "2002.03.01"]
[Round "6.1"]
[White "Denda, Ronald"]
[Black "Stavenhagen, Johannes"]
[Result "1/2-1/2"]
[WhiteElo "1976"]
[BlackElo "1849"]
[EventDate "2002.02.25"]
[PlyCount "28"]

1.e4 d5 2.exd5 Qxd5 3.Nc3 Qa5 4.d4 Nf6 5.Nf3 c6 6.Bd3 Bg4 7.h3 Bf5 8.Ne5 
Bxd3 9.Qxd3 Nbd7 10.f4 e6 11.O-O Rd8 12.Ne4 Nxe4 13.Qxe4 Nf6 14.Qe3 Rxd4 
1/2-1/2